000 00491nam a2200193 a 4500
001 1771067064076
003 YourLibrary
005 20260214163806.0
008 260214s2007##################000#0#eng##
020 _a9780131884076
082 0 4 _a306.6
_bJOH
100 1 _aJohnstone, Ronald L.,
_eauthor.
245 1 0 _aReligion in Society :
260 _bPrentice Hall,
_c2007.
300 _a452 pages
650 0 _aReligion.
942 _cENGLISH
040 _aYourLibrary
_beng
_cYourLibrary
999 _c612586
_d612586